| 000 | 01120nam a22003257a 4500 | ||
|---|---|---|---|
| 003 | CHAP | ||
| 005 | 20220329141108.0 | ||
| 008 | 971013s1988 r 00010 d | ||
| 010 | _a62509 | ||
| 011 | _a63481 | ||
| 035 | _a67657 | ||
| 040 | _cCHAP | ||
| 090 | _aTesis | ||
| 100 | 0 | 0 |
_aHernández Cabeza, Martín. _953868 |
| 245 | _aSimulación de la evapotranspiración en avena (Avena sativa L.) de temporal | ||
| 260 |
_aAguascalientes, Ags. : _bEl autor, _c1988 |
||
| 300 |
_a62 h. _b: ilus. ; gráfs. |
||
| 502 | _aTesis (Ing. Agr. Esp. en Fotitecnia) -- Instituto Tecnológico Agropecuario de Aguascalientes No. 20 | ||
| 590 |
_aALEPH _b10 _c20130110 _lUCH01 _h1345 |
||
| 590 |
_aBATCH-UPD _b10 _c20130110 _lUCH01 _h0550 |
||
| 590 |
_aBATCH-UPD _b10 _c20130410 _lUCH01 _h0231 |
||
| 590 |
_aBATCH-UPD _b10 _c20130913 _lUCH01 _h2149 |
||
| 590 |
_aCONVERSION _b10 _c20130109 _lUCH01 _h1334 |
||
| 650 | 1 | 4 |
_aAgricultura de temporal. _91999 |
| 650 | 1 | 4 |
_aAvena _xEfecto de la humedad. _98515 |
| 650 | 1 | 4 |
_aEvapotranspiración. _938968 |
| 901 | _aBK | ||
| 942 | _cTESIS | ||
| 949 |
_bBC _cTES _d676571 _eTS1 _h31127 _i67657 _sb |
||
| 999 |
_c62509 _d62509 |
||